Analyser la communication numérique écrite (notice n° 2198171)

détails MARC
000 -LEADER
fixed length control field 01485cam a2200133 4500500
005 - DATE AND TIME OF LATEST TRANSACTION
control field 20260405085518.0
041 ## - LANGUAGE CODE
Language code of text/sound track or separate title fre
042 ## - AUTHENTICATION CODE
Authentication code dc
100 10 - MAIN ENTRY--PERSONAL NAME
Personal name Marcoccia, Michel
Relator term author
245 00 - TITLE STATEMENT
Title Analyser la communication numérique écrite
260 ## - PUBLICATION, DISTRIBUTION, ETC.
Name of publisher, distributor, etc. Armand Colin,<br/>
Date of publication, distribution, etc. 2016.<br/>
520 ## - SUMMARY, ETC.
Summary, etc. Le développement et la diffusion de l’internet et des technologies numériques ont transformé la communication écrite en faisant émerger une de ses modalités particulières : la communication numérique écrite. Cet ouvrage veut aider les étudiants à appréhender les caractéristiques de ces nouveaux écrits et à analyser diverses situations de communication numérique (messageries, forums, réseaux socio-numériques, tchats, etc.). En mêlant concepts théoriques, principes méthodologiques et description des phénomènes discursifs et communicatifs les plus remarquables, cet ouvrage répond aux diverses questions que peut se poser l’étudiant face à ces écrits : quelles sont les théories et les méthodes les plus pertinentes pour analyser la communication numérique écrite ? Quelles sont les spécificités de ces écrits ? Quels effets a la communication numérique écrite sur l’organisation des échanges communicatifs, sur l’établissement de relations interpersonnelles ou sur la construction de l’identité ?
856 41 - ELECTRONIC LOCATION AND ACCESS
Uniform Resource Identifier <a href="https://shs.cairn.info/analyser-la-communication-numerique-ecrite--9782200602987?lang=fr&redirect-ssocas=7080">https://shs.cairn.info/analyser-la-communication-numerique-ecrite--9782200602987?lang=fr&redirect-ssocas=7080</a>

Pas d'exemplaire disponible.

PLUDOC

PLUDOC est la plateforme unique et centralisée de gestion des bibliothèques physiques et numériques de Guinée administré par le CEDUST. Elle est la plus grande base de données de ressources documentaires pour les Étudiants, Enseignants chercheurs et Chercheurs de Guinée.

Adresse

627 919 101/664 919 101

25 boulevard du commerce
Kaloum, Conakry, Guinée

Réseaux sociaux

Powered by Netsen Group @ 2025